00547 2200181 4500001002100000008004100021035002000062245010300082100001700185250001000202260004200212300002600254020002200280084001600302520002500318082001000343990001200353INLIS000000000015663 ind  a0010-0323000111 aBuku Aktivitas Cerita RakyatbAsal Mula Bukit Catu (Bali)cNovi Kurnia; penyunting, Damar Sasongko aNOVI, Kurnia acet.1 aJakarta :bBhuana Ilmu Populer,c2020 a28 hal.: ilus.c24 cm a978-623-216-823-7 a398.2 NOV b aBibliografi : hal.28 a398.2 a10649 a